[Event "XL Obert Internacional Ciutat de Badalona-Memorial"]
[Site "Centro Civico La Salut, Av. Marques de Sant Mori s"]
[Date "2014.08.10"]
[Round "9"]
[Board "10"]
[White "Vidarte Morales, Arturo"]
[Black "Lorenzo De La Riva, Lazaro"]
[Result "0-1"]
[WhiteElo "2326"]
[BlackElo "2415"]
[PlyCount "108"]
[EventDate "2014.08.02"]
[EventRounds "9"]
[EventCountry "ESP"]

1. d4 Nf6 2. c4 g6 3. Nc3 d5 4. Nf3 Bg7 5. Bg5 Ne4 6. cxd5 Nxg5 7. Nxg5 e6 8.
Qd2 h6 9. Nf3 exd5 10. g3 O-O 11. Bg2 c6 12. O-O Re8 13. e3 Bf5 14. Ne1 h5 15.
h4 Nd7 16. Ne2 Nf6 17. Nf4 Ne4 18. Qd1 Qb6 19. Ned3 Nxg3 20. fxg3 Rxe3 21. Kh2
Qxd4 22. Nf2 Qxb2 23. Rb1 Bxb1 24. Qxb1 Qxb1 25. Rxb1 Re7 26. N2d3 Bh6 27. Bf3
Bxf4 28. Nxf4 Kf8 29. Kg2 Rd8 30. Kf2 Ke8 31. Nd3 Rd6 32. a4 Kd8 33. a5 Rf6 34.
Nc5 Kc8 35. Rb3 d4 36. Rd3 b6 37. axb6 axb6 38. Na4 c5 39. Rb3 Kc7 40. Kg2 Re5
41. Nb2 Re3 42. Rxe3 dxe3 43. Na4 Rd6 44. Be2 Rf6 45. Bf3 Rf5 46. Nc3 Kd6 47.
g4 hxg4 48. Bxg4 Rf2+ 49. Kg3 f5 50. Be2 Ke5 51. Bb5 f4+ 52. Kg4 Rg2+ 53. Kf3
Rg3+ 54. Ke2 Kd4 0-1